| 000 | 00486nam a2200181 4500 | ||
|---|---|---|---|
| 003 | DO-SdBNP | ||
| 005 | 20180207105815.0 | ||
| 008 | 161110b1982 mx||||| |||| 00| 0 spa d | ||
| 020 | _a9682606217 | ||
| 040 |
_aBPMSU _bspa _cBPMSU |
||
| 100 | 1 | _aArdley, Neil | |
| 245 | 1 |
_aNuestras necesidades futuras / _cNeil Ardley |
|
| 260 |
_aMéxico : _bContinental , _c1982 |
||
| 300 |
_a35 p. : _bil. : _c35 cm |
||
| 942 |
_2ddc _cBK |
||
| 945 | _aInventariado, 2018/MFF | ||
| 956 | _adgarcia | ||
| 999 |
_c11888 _d11888 |
||